000 00257nam a2200109 a 4500
008 110503s1959|||| d
245 1 0 _aPríručka pre cvičiteľa
260 _bŠport
_aBratislava
_c1959
020 _c11,10
041 _aslo
044 _axo
_cSK
999 _c19313
_d19313